Electronic mathematics

Salvato in:
Dettagli Bibliografici
Autori principali: Nunz, Gregory J. (Autore), Shaw, William L (Autore)
Natura: Libro
Lingua:inglese
Pubblicazione: Nueva York McGraw-Hill 1967
Soggetti:
Tags: Aggiungi Tag
Nessun Tag, puoi essere il primo ad aggiungerne!!

MARC

LEADER 00000nam a2200000 a 4500
001 UCU3064
003 CL-VaPUC
008 960502e19670000US |||||||||||||||||eng|d
082 0 4 |a 519.4  |b NUN  |2 21 
100 |a Nunz, Gregory J.  |e author  |9 359761 
700 0 |a Shaw, William L  |e author  |9 359762 
245 1 0 |a Electronic mathematics 
300 |a v 
942 |c BK 
945 |d 19960502 00:00:00  |a cmena 
260 |a Nueva York  |b McGraw-Hill  |c 1967 
500 |a v.1: Arithmetic and algebra 
500 |a v.2: Algebra, trigonometry, and calculus 
650 0 |a Matemática aplicada   |9 260236 
650 0 |a Electrónica   |9 263192 
650 0 |a Aritmética   |9 270049 
650 0 |a Álgebra  |9 259567 
650 0 |a Trigonometría   |9 259568 
650 0 |a Ecuaciones  |9 260137 
650 0 |a Funciones (Matemáticas)  |9 338128 
650 7 |a CALCULO LINEAL  |2 CL-VaPUC  |9 359763 
650 0 |a Circuitos electrónicos  |9 260204 
650 0 |a Logaritmos  |9 260266 
650 0 |a Ecuaciones diferenciales  |9 260083 
583 |a last modification  |c 19960502 00:00:00  |k Rodrigo Vera 
999 |c 247191  |d 247189